Science Quiz

Random Science or Math Quiz

Math Homework Quiz Stats

 Plays Quiz Updated Dec 22, 2011

Challenge
Share
Tweet
Embed
Score 0/55 Timer 02:00
16 Plays Today
Question Product % Correct
0 x 90
92.8%
0 x 10
92.8%
0 x 60
92.8%
0 x 70
92.8%
1 x 44
92.8%
1 x 99
92.8%
2 x 36
92.8%
0 x 30
92.7%
0 x 50
92.7%
2 x 48
92.7%
0 x 20
92.7%
1 x 55
92.7%
1 x 88
92.7%
0 x 00
92.7%
1 x 22
92.7%
0 x 80
92.7%
2 x 24
92.7%
3 x 39
92.7%
1 x 11
92.7%
1 x 77
92.7%
0 x 40
92.7%
2 x 918
92.7%
1 x 33
92.6%
2 x 714
92.7%
2 x 510
92.6%
5 x 525
92.6%
2 x 612
92.6%
3 x 515
92.6%
Question Product % Correct
4 x 520
92.6%
1 x 66
92.6%
2 x 816
92.6%
3 x 412
92.5%
5 x 630
92.5%
4 x 416
92.5%
6 x 636
92.4%
3 x 721
92.3%
3 x 618
92.3%
5 x 735
92.3%
5 x 840
92.2%
9 x 981
92.2%
4 x 624
92.2%
5 x 945
92.2%
3 x 927
92.1%
3 x 824
92%
7 x 749
91.9%
4 x 728
91.8%
4 x 936
91.7%
8 x 864
91.6%
4 x 832
91.4%
8 x 972
91.4%
6 x 742
91.2%
6 x 954
90.9%
7 x 963
90.7%
6 x 848
90.5%
7 x 856
90.5%

You're not logged in!

Compare scores with friends on all Sporcle quizzes.
Join for Free
OR
Log In

You Might Also Like...

Show Comments

Extras

Top Quizzes Today


Score Distribution

Your Account Isn't Verified!

In order to create a playlist on Sporcle, you need to verify the email address you used during registration. Go to your Sporcle Settings to finish the process.

Report this User

Report this user for behavior that violates our Community Guidelines.

Details: